MARC details
| 000 -LEADER |
| campo de control de longitud fija |
02039cac a2200361 a 4500 |
| 003 - IDENTIFICADOR DE NÚMERO DE CONTROL |
| campo de control |
CO-PeBPM |
| 005 - FECHA Y HORA DE LA ÚLTIMA TRANSACCIÓN |
| campo de control |
20260422135356.0 |
| 007 - CAMPO FIJO DE DESCRIPCIÓN FÍSICA--INFORMACIÓN GENERAL |
| campo de control de longitud fija |
ta |
| 008 - DATOS DE LONGITUD FIJA--INFORMACIÓN GENERAL |
| campo de control de longitud fija |
141031s2010 sp a 0 gpa d s spa d |
| 020 ## - NÚMERO INTERNACIONAL ESTÁNDAR DEL LIBRO |
| Número Internacional Estándar del Libro |
9788496957787 |
| 040 ## - FUENTE DE CATALOGACIÓN |
| Centro catalogador/agencia de origen |
CO-PeBPM |
| Normas de descripción |
rda |
| Lengua de catalogación |
spa |
| Centro/agencia transcriptor |
CO-PeBPM |
| 041 ## - CÓDIGO DE IDIOMA |
| Código de lengua del texto/banda sonora o título independiente |
spa |
| 082 04 - NÚMERO DE LA CLASIFICACIÓN DECIMAL DEWEY |
| Número de clasificación |
590 G |
| Número de edición |
22 |
| 100 1# - ENTRADA PRINCIPAL--NOMBRE DE PERSONA |
| Nombre de persona |
Gutiérrez, Xulio |
| Término indicativo de función/relación |
autor |
| 9 (RLIN) |
138841 |
| 245 10 - MENCIÓN DEL TÍTULO |
| Título |
Constructores |
| Mención de responsabilidad, etc. |
/ Xulio Gutiérrez ; ilustraciones Nicolás Fernández ; traducción Chema Heras |
| 250 ## - MENCION DE EDICION |
| Mención de edición |
Primera edición |
| 264 #1 - PRODUCCIÓN, PUBLICACIÓN, DISTRIBUCIÓN, FABRICACIÓN Y COPYRIGHT |
| Producción, publicación, distribución, fabricación y copyright |
Sevilla, España |
| Nombre del de productor, editor, distribuidor, fabricante |
: Faktoría K de Libros |
| Fecha de producción, publicación, distribución, fabricación o copyright |
, 2010 |
| 300 ## - DESCRIPCIÓN FÍSICA |
| Extensión |
31 páginas |
| Otras características físicas |
ilustraciones a color |
| Dimensiones |
35 cm |
| 336 ## - TIPO DE CONTENIDO |
| Término de tipo de contenido |
texto |
| Código de tipo de contenido |
txt |
| Fuente |
rdacontent |
| 337 ## - TIPO DE MEDIO |
| Nombre/término del tipo de medio |
sin mediación |
| Código del tipo de medio |
n |
| Fuente |
rdamedia |
| 338 ## - TIPO DE SOPORTE |
| Nombre/término del tipo de soporte |
volumen |
| Código del tipo de soporte |
nc |
| Fuente |
rdacarrier |
| 490 ## - MENCIÓN DE SERIE |
| Mención de serie |
Animales extraordinarios |
| 500 ## - NOTA GENERAL |
| Nota general |
Incluye glosario |
| 520 ## - RESUMEN, ETC. |
| Sumario, etc. |
Hay aves que construyen nidos sorprendentes por su intrincada arquitectura, mamíferos que excavan complejas viviendas subterráneas, insectos minúsculos que levantan edificios enormes y arañas que tejen elaboradas estructuras de caza. Todos son expertos constructores que sobreviven gracias a su habilidad... Un libro instructivo, ameno, bien estructurado y de gran atractivo visual, que comienza situando al lector ante los diversos grupos del reino animal, con ejemplos de cada uno. Por tierra, agua y aire, de norte a sur, por todos los continentes, selecciona una serie de animales y ofrece un volumen de información bien dosificada sobre sus características, localización y costumbres, centrándose en su forma de acomodarse al habitat, esto es, de construir su hogar. Fuente: http://bit.ly/SW2xFV |
| 586 ## - NOTA DE PREMIOS |
| Nota de premios |
Premio Ánxel Gasal Mellor Libro Non Ficción 2010 |
| 650 17 - PUNTO DE ACCESO ADICIONAL DE MATERIA--TÉRMINO DE MATERIA |
| Término de materia o nombre geográfico como elemento de entrada |
Animales |
| Subdivisión general |
Hábitos y conducta |
| Fuente del encabezamiento o término |
ARMARC |
| 9 (RLIN) |
184 |
| 650 17 - PUNTO DE ACCESO ADICIONAL DE MATERIA--TÉRMINO DE MATERIA |
| Término de materia o nombre geográfico como elemento de entrada |
Vivienda de animales |
| Fuente del encabezamiento o término |
ARMARC |
| 9 (RLIN) |
138842 |
| 650 17 - PUNTO DE ACCESO ADICIONAL DE MATERIA--TÉRMINO DE MATERIA |
| Término de materia o nombre geográfico como elemento de entrada |
Alojamiento animal |
| Fuente del encabezamiento o término |
ARMARC |
| 9 (RLIN) |
1575 |
| 650 17 - PUNTO DE ACCESO ADICIONAL DE MATERIA--TÉRMINO DE MATERIA |
| Término de materia o nombre geográfico como elemento de entrada |
Hábitat (ecología) |
| Fuente del encabezamiento o término |
LEMB |
| 700 1# - ENTRADA AGREGADA--NOMBRE PERSONAL |
| Nombre de persona |
Fernández, Nicolás |
| Término indicativo de función/relación |
ilustrador |
| 9 (RLIN) |
138843 |
| 700 1# - ENTRADA AGREGADA--NOMBRE PERSONAL |
| Nombre de persona |
Chema, Heras |
| Término indicativo de función/relación |
traductor |
| 9 (RLIN) |
138844 |
| 942 ## - ELEMENTOS DE ENTRADA SECUNDARIOS (KOHA) |
| Fuente del sistema de clasificación o colocación |
Clasificación Decimal Dewey |
| Tipo de ítem Koha |
Libros |
| Suprimir en OPAC |
No |